Địa chất học cho kĩ sư xây dựng và cán bộ kĩ thuật môi trường
Enregistré dans:
| Auteur principal: | |
|---|---|
| Format: | Livre |
| Langue: | Undetermined |
| Publié: |
Hà Nội
Giáo Dục
1998
|
| Sujets: | |
| Tags: |
Ajouter un tag
Pas de tags, Soyez le premier à ajouter un tag!
|
| Thư viện lưu trữ: | Trung tâm Học liệu Trường Đại học Cần Thơ |
|---|
| LEADER | 00556nam a2200169Ia 4500 | ||
|---|---|---|---|
| 001 | CTU_28698 | ||
| 008 | 210402s9999 xx 000 0 und d | ||
| 082 | |a 624.151 | ||
| 082 | |b K27/T.2 | ||
| 100 | |a Kehew, Alan E. | ||
| 245 | 0 | |a Địa chất học cho kĩ sư xây dựng và cán bộ kĩ thuật môi trường | |
| 245 | 0 | |c Alan E. Kehew | |
| 260 | |a Hà Nội | ||
| 260 | |b Giáo Dục | ||
| 260 | |c 1998 | ||
| 650 | |a Civil engineering,Engineering geology,Foundation | ||
| 980 | |a Trung tâm Học liệu Trường Đại học Cần Thơ | ||